Miraculous jewels - Statistics

General Stats
  • This quiz has been taken 194 times
  • The average score is 11 of 13
Answer Stats
Picture Answer % Correct
ladybug
100%
black cat
98%
bee
92%
fox
91%
snake
90%
turtle
90%
butterfly
88%
mouse
86%
peacock
85%
dog
77%
dragon
73%
goat
69%
rooster
60%
No matching quizzes found
Score Distribution
Percent of People with Each Score
Percentile by Number Answered
Your Score History
You have not taken this quiz